| 000 -CABECERA |
| Longitud fija campo de control |
00709nam a2200253 a 4500 |
| 001 - NÚMERO DE CONTROL |
| Número de control |
932 |
| 003 - IDENTIFICADOR DEL NÚMERO DE CONTROL |
| Identificador del número de control |
CDMR |
| 005 - FECHA Y HORA DE LA ÚLTIMA TRANSACCIÓN |
| Fecha y hora de la última transacción |
20140301191801.0 |
| 008 - CÓDIGOS DE INFORMACIÓN DE LONGITUD FIJA |
| Códigos de información de longitud fija |
130130s1974||||||||||||||||||||||||||||d |
| 020 ## - NÚMERO INTERNACIONAL NORMALIZADO PARA LIBROS |
| Número Internacional Normalizado para Libros (ISBN) |
8473640063 |
| 040 ## - FUENTE DE LA CATALOGACIÓN |
| Centro catalogador de origen |
CDMR |
| Lengua de catalogación |
cat |
| Centro transcriptor |
CDMR |
| 100 1# - PUNTO DE ACCESO PRINCIPAL-NOMBRE DE PERSONA |
| Nombre de persona |
Bernstein, Carl |
| 9 (RLIN) |
729 |
| 245 13 - MENCIÓN DE TÍTULO |
| Título |
El escándalo Watergate |
| Mención de responsabilidad, etc. |
C. Bernstein, B. Woodward |
| 250 ## - MENCIÓN DE EDICIÓN |
| Mención de edición |
3a ed. |
| 260 ## - PUBLICACIÓN, DISTRIBUCIÓN, ETC. (PIE DE IMPRENTA) |
| Lugar de publicación, distribución, etc. |
Barcelona |
| Fecha de publicación, distribución, etc. |
1974 |
| Nombre del editor, distribuidor, etc. |
Euros |
| 300 ## - DESCRIPCIÓN FÍSICA |
| Extensión |
373 p. |
| 490 0# - MENCIÓN DE SERIE |
| Mención de serie |
Hora Cero |
| 610 2# - PUNTO DE ACCESO ADICIONAL DE MATERIA - NOMBRE DE ENTIDAD CORPORATIVA |
| 9 (RLIN) |
4137 |
| Nombre de entidad corporativa o nombre de jurisdicción como elemento inicial |
Washington Post (Diari) |
| 650 04 - PUNTO DE ACCESO ADICIONAL DE MATERIA - TÉRMINO DE MATERIA |
| 9 (RLIN) |
4228 |
| Término de materia o nombre geográfico como elemento inicial |
Estats Units d'Amèrica |
| Subdivisión de materia general |
Política i govern |
| 650 04 - PUNTO DE ACCESO ADICIONAL DE MATERIA - TÉRMINO DE MATERIA |
| 9 (RLIN) |
257 |
| Término de materia o nombre geográfico como elemento inicial |
Premsa |
| Subdivisión geográfica |
Estats Units d'Amèrica |
| 650 04 - PUNTO DE ACCESO ADICIONAL DE MATERIA - TÉRMINO DE MATERIA |
| 9 (RLIN) |
3765 |
| Término de materia o nombre geográfico como elemento inicial |
Corrupció política |
| 700 1# - PUNTO DE ACCESO ADICIONAL - NOMBRE DE PERSONA |
| 9 (RLIN) |
2998 |
| Nombre de persona |
Woodward, Bob |
| 942 ## - ENTRADA DE ELEMENTOS AGREGADOS (KOHA) |
| Koha [por defecto] tipo de item |
Monografies |
| Fuente de clasificaión o esquema |
|